[Event "Tourn. n8157"]
[Site "www.chess-mail.com"]
[Date "2015.07.20"]
[Round "1"]
[White "Cardiff"]
[Black "Comrade"]
[WhiteElo "2030"]
[BlackElo "2130"]
[Result "0-1"]
[Round "1"]
1.c4 Ng8f6
2.Ng1f3 g6
3.Nb1c3 c5
4.d4 cxd4
5.Nf3xd4 Bf8g7
6.e4 d6
7.Bf1e2 O-O
8.Bc1e3 Nb8c6
9.O-O Nf6d7
10.Qd1d2 Nd7c5
11.Nd4xc6 bxc6
12.Be3xc5 dxc5
13.Qd2c2 Bg7d4
14.Ra1d1 e5
15.Be2f3 f5
16.exf5 Bc8xf5
17.Bf3e4 Qd8f6
18.Be4xf5 Qf6xf5
19.Qc2xf5 Rf8xf5
20.Rd1d3 Ra8f8
 { time }
0-1

[Event "Tourn. n8213"]
[Site "www.chess-mail.com"]
[Date "2015.07.20"]
[Round "1"]
[White "Neverless"]
[Black "Asoka"]
[WhiteElo "2660"]
[BlackElo "2610"]
[Result "1-0"]
[Round "1"]
1.e4 c6
2.d4 d5
3.Nb1c3 dxe4
4.Nc3xe4 Bc8f5
5.Ne4g3 Bf5g6
6.h4 h6
7.Ng1f3 Nb8d7
8.h5 Bg6h7
9.Bf1d3 Bh7xd3
10.Qd1xd3 Ng8f6
11.Bc1f4 Qd8a5
12.Bf4d2 Qa5b5
13.c4 Qb5xb2
14.Ra1b1 Qb2xa2
15.O-O b5
16.cxb5 c5
17.dxc5 Nd7xc5
18.Qd3e2 e6
19.Rb1a1 Qa2d5
20.Rf1d1 Qd5b7
21.Nf3e5 Bf8e7
22.Ne5c6 O-O
23.Bd2b4 Rf8c8
24.Nc6xe7 Qb7xe7
25.Ng3f5 Qe7f8
26.Nf5d6 Rc8c7
27.Ra1c1 Nf6d5
28.Bb4xc5 Rc7xc5
29.Rc1xc5 Qf8xd6
30.Rd1c1 Qd6d7
31.Qe2c4 Kh7
32.Rc5c6 Ra8b8
33.g3 Qd7e8
34.Rc1a1 Qe8d7
35.Qc4c5 Nd5f6
36.Ra1xa7 Qd7d1
37.Kg2 Nf6e4
38.Qc5c2 Qd1xc2
39.Rc6xc2 Rb8xb5
40.Ra7xf7 Rb5xh5
41.Rc2c7 Rh5g5
42.Rf7e7 e5
43.Rc7c6 h5
44.Rc6e6 h4
45.Re6xe5 h3
46.Kg1 Rg5xe5
47.Re7xe5 h2
48.Kxh2 Ne4xf2
49.Kg2 Nf2g4
50.Re5e6 Kg8
51.Kf3 Kf7
52.Re6a6 Ng4f6
53.Kf4 { resign }
1-0

[Event "Tourn. n8172"]
[Site "www.chess-mail.com"]
[Date "2015.07.20"]
[Round "1"]
[White "Cardiff"]
[Black "Hrob71"]
[WhiteElo "2040"]
[BlackElo "2020"]
[Result "0-1"]
[Round "1"]
1.d4 d5
2.Nb1c3 Ng8f6
3.Ng1f3 c6
4.g3 e6
5.Bf1g2 Bf8d6
6.O-O Nb8d7
7.a3 O-O
8.b4 e5
9.Nf3xe5 Nd7xe5
10.dxe5 Bd6xe5
11.Bc1b2 Bc8f5
12.Nc3a4 Be5xb2
13.Na4xb2 Nf6e4
14.Nb2d3 Qd8e7
15.Bg2xe4 Bf5xe4
16.Nd3c5 Be4f5
17.Nc5d3 Bf5h3
18.Rf1e1 g5
19.Qd1d2 h6
20.f3 Ra8e8
21.e3 { time. }
0-1

[Event "Tourn. n8172"]
[Site "www.chess-mail.com"]
[Date "2015.07.20"]
[Round "1"]
[White "Hrob71"]
[Black "Umzi"]
[WhiteElo "2020"]
[BlackElo "2110"]
[Result "0-1"]
[Round "1"]
1.e4 d5
2.exd5 Qd8xd5
3.Nb1c3 Qd5a5
4.d4 c6
5.Ng1f3 Ng8f6
6.Bc1d2 Qa5c7
7.Bf1c4 e6
8.O-O Bf8e7
9.Nf3e5 O-O
10.Bc4d3 c5
11.Nc3b5 Qc7b6
12.a4 cxd4
13.g4 a6
14.a5 Qb6d8
15.Nb5a3 Nb8d7
16.Na3c4 Nd7xe5
17.Nc4xe5 Nf6d7
18.f4 Nd7xe5
19.fxe5 b5
20.Qd1f3 Ra8b8
21.Qf3h3 g6
22.Bd2h6 Bc8b7
23.Bh6xf8 Be7xf8
24.Rf1f6 Bf8g7
25.Rf6f2 { time. }
0-1

[Event "Tourn. n7970"]
[Site "www.chess-mail.com"]
[Date "2015.07.20"]
[Round "1"]
[White "Difficult"]
[Black "Falcoale"]
[WhiteElo "1880"]
[BlackElo "1890"]
[Result "0-1"]
[Round "1"]
1.d4 Ng8f6
2.c3 b6
3.Ng1f3 Bc8b7
4.Bc1f4 e6
5.e3 d6
6.Nb1d2 Nf6h5
7.Bf1d3 Nh5xf4
8.exf4 Bf8e7
9.Qd1e2 O-O
10.Bd3e4 d5
11.Be4d3 c5
12.dxc5 Be7xc5
13.O-O Qd8c7
14.g3 Nb8d7
15.Nd2b3 Ra8e8
16.Nb3xc5 Nd7xc5
17.Rf1d1 Nc5xd3
18.Qe2xd3 h6
19.Nf3e5 Re8d8
20.Ra1c1 Qc7c5
21.Qd3d4 Qc5xd4
22.cxd4 Kh7
23.Rc1c7 Bb7a6
24.Rd1c1 f6
25.Ne5f3 Rd8a8
26.Rc7e7 Rf8e8
27.Rc1c7 Re8xe7
28.Rc7xe7 Ba6c4
29.b3 Bc4d3
30.Re7xe6 Bd3b1
31.a3 Bb1c2
32.b4 b5
33.Nf3d2 a5
34.Re6b6 Bc2d3
35.f3 axb4
36.axb4 Ra8a2
37.Nd2b3 Ra2b2
38.Nb3c5 Bd3c4
39.Rb6b7 Rb2xb4
40.Nc5e6 Rb4b1
41.Kg2 Rb1b2
42.Kh3 b4
43.Rb7xg7 Kh8
44.Rg7b7 Bc4f1
45.Kg4 Rb2xh2
46.Kf5 Bf1h3
47.Kxf6 Bh3xe6
48.Kxe6 Rh2h3
49.Kxd5 Rh3xg3
50.Rb7xb4 Rg3xf3
51.Ke4 Rf3f1
52.d5 h5
53.Rb4d4 h4
54.Rd4d3 Rf1h1
 { time }
0-1

[Event "Tourn. n8176"]
[Site "www.chess-mail.com"]
[Date "2015.07.20"]
[Round "1"]
[White "Duff"]
[Black "Maredocla"]
[WhiteElo "1850"]
[BlackElo "2080"]
[Result "0-1"]
[Round "1"]
1.e4 c5
2.Ng1f3 Nb8c6
3.d4 cxd4
4.Nf3xd4 e5
5.Nd4b5 a6
6.Nb5d6 Bf8xd6
7.Qd1xd6 Ng8e7
8.Nb1c3 O-O
9.Bc1g5 f6
10.Bg5h4 Ne7g6
11.Bh4g3 Qd8a5
12.Qd6d5 Qa5xd5
13.Nc3xd5 b5
14.O-O-O Rf8d8
15.h4 Ng6e7
16.Bf1e2 Nc6d4
17.Be2g4 Ne7xd5
18.exd5 d6
19.Bg4xc8 Ra8xc8
20.c3 b4
21.Rd1d3 bxc3
22.bxc3 Nd4e2
23.Kd2 Ne2xg3
24.Rd3xg3 e4
25.Rh1c1 Rc8c5
26.c4 Rd8c8
27.Rg3c3 Kf7
28.g4 g6
29.Ke3 f5
30.Kf4 Kf6
31.g5 Kf7
32.a3 a5
33.a4 Rc8b8
34.Rc1a1 Rb8b2
35.Ke3 Rb2b4
36.Kd4 Rc5c7
37.Rc3c2 Rb4b3
38.Rc2c3 Rb3b2
39.Ke3 Rc7b7
40.Rc3c1 Rb7b3
{ resign }
0-1

[Event "Tourn. n8176"]
[Site "www.chess-mail.com"]
[Date "2015.07.20"]
[Round "1"]
[White "Maredocla"]
[Black "Hrob71"]
[WhiteElo "2080"]
[BlackElo "2020"]
[Result "1-0"]
[Round "1"]
1.f4 e5
2.fxe5 d6
3.exd6 Bf8xd6
4.Ng1f3 Ng8f6
5.d3 Nb8c6
6.Bc1g5 Bc8g4
7.e4 h6
8.Bg5h4 Nc6e5
9.Bf1e2 Bg4xf3
10.gxf3 g5
11.Bh4g3 Qd8d7
12.Nb1c3 O-O-O
13.Qd1d2 Kb8
14.O-O-O Qd7c6
15.a3 a6
16.d4 Ne5c4
17.Be2xc4 Qc6xc4
18.e5 Bd6c5
19.exf6 Bc5xd4
20.Qd2d3 Qc4c6
21.Qd3f5 Bd4xc3
22.bxc3 Qc6xc3
23.Bg3e5 Qc3xa3
24.Be5b2 Rd8xd1
25.Rh1xd1 Qa3e3
26.Kb1 Rh8e8
{ time. }
1-0

[Event "Tourn. n8222"]
[Site "www.chess-mail.com"]
[Date "2015.07.20"]
[Round "1"]
[White "Bigrezi"]
[Black "Zazi"]
[WhiteElo "1760"]
[BlackElo "1610"]
[Result "0-1"]
[Round "1"]
1.e4 d5
2.exd5 Qd8xd5
3.Nb1c3 Qd5e6
4.Bf1e2 Qe6g6
5.Be2f3 e5
6.d3 a5
7.Ng1e2 Bf8b4
8.Bc1d2 Bc8g4
9.Bf3xg4 Qg6xg4
10.O-O Ra8a6
11.h3 Qg4h5
12.Qd1e1 Ra6g6
13.Ne2g3 Qh5h4
14.Nc3e4 Nb8c6
15.Ng3f5 Qh4xh3
16.Nf5g3 Nc6d4
17.Bd2xb4 Qh3h4
18.Qe1d2 axb4
19.c3 Rg6h6
20.Rf1e1 Nd4f5
21.Kf1 Nf5xg3
22.Ne4xg3 bxc3
23.Qd2xc3 Ng8e7
24.Qc3xc7 O-O
25.Qc7xe5 Rh6e6
26.Qe5c7 Ne7d5
27.Qc7xb7 Nd5f4
28.Re1xe6 fxe6
29.Ke1 Nf4xd3
30.Kd1 Nd3xf2
{ resign }
0-1

[Event "Tourn. n8247"]
[Site "www.chess-mail.com"]
[Date "2015.07.20"]
[Round "1"]
[White "Ruko"]
[Black "Azulmarino"]
[WhiteElo "1680"]
[BlackElo "1570"]
[Result "1-0"]
[Round "1"]
1.e4 e5
2.Ng1f3 Nb8c6
3.Bf1c4 h6
4.d4 d6
5.dxe5 dxe5
6.Qd1xd8 Nc6xd8
7.Nf3xe5 Bf8d6
8.Ne5f3 Ng8f6
9.e5 Bd6xe5
10.Nf3xe5 Bc8e6
11.Bc4xe6 Nd8xe6
12.Nb1c3 O-O
13.Bc1e3 a6
14.O-O-O b5
15.Ne5d7 Nf6xd7
16.Rd1xd7 c6
17.Rd7d6 Ra8c8
18.Rh1d1 b4
19.Nc3e4 a5
20.b3 Ne6c7
21.Rd6xc6 Rf8e8
22.Ne4d6 Rc8b8
23.Nd6xe8 Nc7xe8
24.Rc6a6 Rb8b5
25.Rd1d8 Kf8
26.Rd8a8 f6
27.Ra6xa5 Rb5b7
28.Be3c5 Kf7
29.Ra8a7 Rb7xa7
30.Ra5xa7 Kg6
31.Bc5xb4 f5
32.a4 Ne8f6
33.Ra7a6 Kg5
34.Ra6xf6 { resign }
1-0

[Event "Tourn. n8279"]
[Site "www.chess-mail.com"]
[Date "2015.07.20"]
[Round "1"]
[White "Gatrooper"]
[Black "Fangshuo1"]
[WhiteElo "1200"]
[BlackElo "1499"]
[Result "0-1"]
[Round "1"]
1.e4 e6
2.d4 d5
3.e5 c5
4.dxc5 Bf8xc5
5.Bc1e3 Bc5xe3
6.fxe3 Nb8c6
7.Ng1f3 Qd8b6
8.b3 Qb6xe3
9.Bf1e2 Nc6xe5
10.Nf3xe5 Qe3xe5
11.c3 Ng8f6
12.Nb1d2 Nf6g4
13.Qd1c2 Bc8d7
14.O-O-O Qe5xe2
15.Rh1f1 Ng4e3
16.Rf1e1 Qe2xe1
17.Rd1xe1 Ne3xc2
18.Kxc2 O-O
19.Nd2f3 f6
20.Nf3d4 e5
21.Nd4f3 e4
22.Nf3d2 b5
23.b4 Ra8c8
24.Nd2b3 Rc8c7
25.Nb3c5 Bd7c8
26.h3 a5
27.bxa5 Rc7xc5
28.g4 b4
29.Re1e3 bxc3
30.a3 Rc5xa5
31.Re3xc3 f5
32.gxf5 Bc8xf5
33.Rc3e3 d4
34.Re3g3 e3
35.Kd1 Ra5xa3
36.Ke2 Ra3a2
37.Ke1 Rf8b8
38.Rg3xg7 Kxg7
39.Kd1 Rb8b1
{ resign }
0-1

[Event "Tourn. n8203"]
[Site "www.chess-mail.com"]
[Date "2015.07.20"]
[Round "1"]
[White "Libiesse"]
[Black "Yangqi"]
[WhiteElo "2010"]
[BlackElo "2200"]
[Result "0-1"]
[Round "1"]
1.d4 Ng8f6
2.c4 e5
3.dxe5 Nf6g4
4.e3 Ng4xe5
5.Nb1c3 Bf8c5
6.Ng1h3 O-O
7.Nh3f4 a6
8.Bf1e2 d6
9.O-O Nb8c6
10.a3 Ne5g6
11.Nf4xg6 hxg6
12.b4 Bc5a7
13.Bc1b2 Nc6e5
14.Nc3e4 Rf8e8
15.Ne4g3 Qd8h4
16.Ra1c1 Ne5g4
17.Be2xg4 Bc8xg4
18.Qd1d2 Bg4e6
19.Qd2c3 f6
20.Rf1d1 Ra8d8
21.Qc3d3 Kf7
22.Qd3e4 Qh4xe4
23.Ng3xe4 Be6g4
24.Ne4g5 fxg5
25.Rd1d2 Bg4f5
26.Kf1 Re8h8
27.h3 g4
28.c5 gxh3
29.gxh3 Bf5xh3
30.Kg1 dxc5
31.Rd2xd8 Rh8xd8
32.Kh2 Bh3f5
33.bxc5 Rd8d2
{ resign }
0-1

[Event "Tourn. n8162"]
[Site "www.chess-mail.com"]
[Date "2015.07.20"]
[Round "1"]
[White "Anja"]
[Black "Chesspower"]
[WhiteElo "1670"]
[BlackElo "1760"]
[Result "1-0"]
[Round "1"]
1.d4 d6
2.Ng1f3 g6
3.Bc1f4 Bf8g7
4.c4 Ng8f6
5.Nb1c3 O-O
6.e4 c6
7.Bf1e2 Bc8g4
8.h3 Bg4xf3
9.Be2xf3 Qd8c7
10.O-O e5
11.Bf4h2 Nb8d7
12.Ra1c1 Rf8e8
13.dxe5 dxe5
14.Bf3e2 Ra8d8
15.Qd1c2 Nd7c5
16.f3 Nc5e6
17.Rf1d1 Ne6d4
18.Qc2a4 a6
19.Rd1d2 Nd4xf3
20.Be2xf3 Rd8xd2
21.b4 Re8d8
22.Nc3b1 Rd2d4
23.Qa4c2 Rd4d2
24.Nb1xd2  { time }
1-0

[Event "Tourn. n8245"]
[Site "www.chess-mail.com"]
[Date "2015.07.20"]
[Round "1"]
[White "Llcervello"]
[Black "Yakke"]
[WhiteElo "1630"]
[BlackElo "1760"]
[Result "0-1"]
[Round "1"]
1.e3 d5
2.d4 Ng8f6
3.f3 a6
4.c4 e6
5.c5 c6
6.b4 b5
7.g4 g6
8.h4 Qd8c7
9.Ng1e2 { time. }
0-1

[Event "Tourn. n8235"]
[Site "www.chess-mail.com"]
[Date "2015.07.20"]
[Round "1"]
[White "Haukia"]
[Black "Yangqi"]
[WhiteElo "2240"]
[BlackElo "2320"]
[Result "1/2-1/2"]
[Round "1"]
1.e4 e6
2.d4 d5
3.exd5 exd5
4.Ng1f3 Bf8d6
5.c4 Ng8f6
6.Nb1c3 O-O
7.c5 Bd6e7
8.Bf1e2 b6
9.Bc1e3 bxc5
10.dxc5 Nb8a6
11.Nc3a4 Nf6e4
12.Ra1c1 c6
13.O-O Rf8e8
14.Nf3d4 Qd8d7
15.Rf1e1 Na6c7
16.f3 Ne4g5
17.Qd1d2 Ng5e6
18.Nd4f5 Bc8a6
19.Be2xa6 Nc7xa6
20.b4 Be7f6
21.Be3f2 Na6c7
22.Na4c3 Ne6xc5
23.Re1xe8 Ra8xe8
24.Nf5xg7 Bf6xg7
25.Bf2xc5 Nc7e6
26.Bc5f2 Qd7d6
27.Nc3e2 d4
28.Ne2g3 Bg7e5
29.Ng3e4 Be5xh2
30.Kf1 Qd6e5
31.Qd2d3 Qe5g7
32.Qd3a6 d3
33.Qa6xc6 Re8d8
34.Rc1e1 Bh2f4
35.Qc6c4 Qg7b2
36.Bf2h4 d2
37.Re1d1 Qb2c1
38.Qc4e2 Rd8d4
39.g3 Bf4e3
40.Bh4f6 Rd4xb4
41.Ne4xd2 Qc1c2
42.Nd2e4 Qc2xe2
43.Kxe2 Be3d4
44.Bf6xd4 Ne6xd4
45.Ke3 Nd4f5
{ draw }
1/2-1/2

[Event "Tourn. n8235"]
[Site "www.chess-mail.com"]
[Date "2015.07.20"]
[Round "1"]
[White "Rons"]
[Black "Yangqi"]
[WhiteElo "2540"]
[BlackElo "2320"]
[Result "0-1"]
[Round "1"]
1.e4 e6
2.d4 d5
3.Nb1c3 Ng8f6
4.Bc1g5 Bf8b4
5.e5 h6
6.Bg5d2 Bb4xc3
7.bxc3 Nf6e4
8.Qd1g4 Kf8
9.Bf1d3 Ne4xd2
10.Kxd2 c5
11.h4 c4
12.Bd3e2 Nb8c6
13.Rh1h3 b5
14.Qg4f4 Bc8d7
15.Be2h5 Bd7e8
16.Ng1e2 a5
17.g4 b4
18.g5 bxc3
19.Kxc3 Qd8b6
20.a3 Ra8b8
21.Kd2 c3
22.Ne2xc3 Qb6xd4
23.Qf4xd4 Nc6xd4
24.Ra1h1 Ke7
25.Rh3d3 Nd4c6
26.f4 Be8d7
27.gxh6 Rh8xh6
28.Bh5e2 Rb8h8
29.h5 g6
30.Rd3h3 Nc6d4
31.Be2g4 Rh8c8
32.Nc3e2 Rc8xc2
33.Kd3 Bd7b5
34.Kxd4 Bb5xe2
35.hxg6 Rh6xg6
36.Bg4xe2 Rc2xe2
37.Kc5 Re2b2
38.Rh3h2 Rb2xh2
39.Rh1xh2 Rg6g3
40.a4 Rg3b3
41.Rh2d2 Kd7
42.Rd2d4 Rb3b8
43.Rd4d2 Rb8b4
44.Rd2a2 Ke7
45.Ra2a3 Kd7
46.Ra3a2 Rb4xf4
47.Kb5 Rf4e4
48.Kxa5 Re4xe5
49.Kb6 Re5e1
50.Ra2b2 d4
51.a5 e5
52.a6 Re1a1
53.Rb2d2 f5
54.a7 f4
55.Kb7 f3
56.a8Q Ra1xa8
57.Kxa8 Kc6
58.Kb8 Kd5
59.Kb7 e4
{ resign }
0-1

[Event "Tourn. n8276"]
[Site "www.chess-mail.com"]
[Date "2015.07.20"]
[Round "1"]
[White "Bojan"]
[Black "Olddog55"]
[WhiteElo "1890"]
[BlackElo "1740"]
[Result "1-0"]
[Round "1"]
1.e4 e5
2.Ng1f3 Nb8c6
3.c3 Ng8f6
4.d3 d5
5.exd5 Nf6xd5
6.h3 Bc8f5
7.a3 Qd8e7
8.Bf1e2 e4
9.Bc1g5 f6
10.Nf3h4 g6
11.Nh4xf5 gxf5
12.Bg5h4 Qe7g7
13.Be2h5 Kd7
14.g3 Ra8d8
15.dxe4 fxe4
16.Qd1xd5 Kc8
17.Qd5f5 Kb8
18.O-O Bf8e7
19.Rf1e1 Qg7h6
20.a4 b6
21.b4 a5
22.bxa5 bxa5
23.Ra1a2 Ka7
24.Bh5g4 e3
25.Re1xe3 Be7d6
26.Qf5b5 Nc6e5
27.Bg4e2 c6
28.Qb5a6 Kb8
29.Ra2b2 Bd6b4
30.cxb4 Kc7
31.bxa5 Kd7
32.Rb2d2 Ke7
33.Rd2xd8 Rh8xd8
34.Re3xe5 { resign }
1-0

[Event "Tourn. n8249"]
[Site "www.chess-mail.com"]
[Date "2015.07.20"]
[Round "1"]
[White "Ochoreales"]
[Black "Luban"]
[WhiteElo "2050"]
[BlackElo "2040"]
[Result "1-0"]
[Round "1"]
1.e4 c5
2.Ng1f3 d6
3.d4 cxd4
4.Nf3xd4 Ng8f6
5.Nb1c3 a6
6.Bc1g5 e6
7.f4 Bf8e7
8.Qd1f3 Qd8c7
9.O-O-O Nb8c6
10.Nd4xc6 bxc6
11.e5 dxe5
12.fxe5 Nf6d5
13.Bg5xe7 Qc7xe7
14.Nc3e4 O-O
15.c4 Qe7c5
16.Ne4xc5 { resign }
1-0

[Event "Tourn. n8239"]
[Site "www.chess-mail.com"]
[Date "2015.07.20"]
[Round "1"]
[White "Colchester"]
[Black "Julianlore"]
[WhiteElo "2040"]
[BlackElo "2170"]
[Result "0-1"]
[Round "1"]
1.d4 Ng8f6
2.c4 e6
3.g3 d5
4.Bf1g2 Bf8e7
5.Nb1c3 dxc4
6.Qd1a4 Nb8d7
7.Qa4xc4 O-O
8.e4 c5
9.Ng1e2 { time. }
0-1

[Event "Tourn. n8276"]
[Site "www.chess-mail.com"]
[Date "2015.07.20"]
[Round "1"]
[White "Olddog55"]
[Black "Mitja"]
[WhiteElo "1740"]
[BlackElo "1660"]
[Result "0-1"]
[Round "1"]
1.d4 d5
2.Ng1f3 h6
3.e3 c6
4.Bf1d3 e6
5.O-O Ng8f6
6.b3 Nb8d7
7.Nb1d2 Nd7b6
8.Bc1b2 Bf8d6
9.Nf3e5 Bd6c7
10.f4 Nb6d7
11.Rf1f3 Nd7xe5
12.dxe5 Nf6d7
13.Rf3h3 Bc7b6
14.Qd1g4 Bb6xe3
15.Kh1 Be3xd2
16.Qg4xg7 Rh8f8
17.Qg7xh6 Nd7xe5
18.Bb2xe5 Bd2b4
19.Be5g7 Rf8g8
20.Bd3h7 Rg8xg7
21.Qh6xg7 Qd8e7
22.Bh7g8 Bc8d7
23.Rh3h8 O-O-O
24.Rh8h7 Qe7c5
25.Rh7h3 Qc5xc2
26.Bg8h7 Qc2d2
27.Qg7xf7 Bd7e8
28.Qf7xe6 Be8d7
29.Qe6e5 Bd7xh3
30.gxh3 Bb4c5
31.Bh7f5 Rd8d7
32.Qe5e6 Kc7
33.Qe6xd7 Kb6
34.a4 Qd2c3
35.Ra1b1 Qc3f3
{ resign }
0-1

[Event "Tourn. n8177"]
[Site "www.chess-mail.com"]
[Date "2015.07.20"]
[Round "1"]
[White "Hrob71"]
[Black "Ssharp"]
[WhiteElo "2050"]
[BlackElo "2150"]
[Result "0-1"]
[Round "1"]
1.e4 e6
2.d4 d5
3.Nb1c3 Bf8b4
4.e5 c5
5.a3 Bb4xc3
6.bxc3 Ng8e7
7.Qd1g4 O-O
8.Ng1f3 Nb8c6
9.Bf1d3 f5
10.Qg4h4 Ne7g6
11.Qh4h5 c4
12.Nf3g5 h6
13.Qh5xg6 hxg5
14.Bc1xg5 { time. }
0-1

[Event "Tourn. n8177"]
[Site "www.chess-mail.com"]
[Date "2015.07.20"]
[Round "1"]
[White "Samael"]
[Black "Hrob71"]
[WhiteElo "2090"]
[BlackElo "2050"]
[Result "1-0"]
[Round "1"]
1.e4 e5
2.Ng1f3 Nb8c6
3.d3 Ng8f6
4.Bf1e2 d5
5.exd5 Qd8xd5
6.Bc1d2 Bf8e7
7.Nb1c3 Qd5d8
8.O-O O-O
9.h3 h6
10.Rf1e1 Bc8e6
11.Nf3h2 Qd8d7
12.Be2f1 Be7d6
13.Nc3e4 Nf6xe4
14.dxe4 f5
15.f3 Ra8d8
16.Bd2e3 Qd7f7
17.Bf1d3 g5
18.Qd1e2 Qf7h5
19.exf5 Be6xf5
20.Bd3xf5 Rf8xf5
21.g4 Qh5xh3
22.gxf5 e4
23.Qe2g2 Qh3xf5
24.fxe4 Qf5e5
25.c3 Rd8f8
26.Re1f1 Rf8e8
27.Nh2g4 { resign }
1-0

[Event "Tourn. n8238"]
[Site "www.chess-mail.com"]
[Date "2015.07.20"]
[Round "1"]
[White "Liencam2"]
[Black "Colchester"]
[WhiteElo "2290"]
[BlackElo "2040"]
[Result "1-0"]
[Round "1"]
1.e4 e5
2.Ng1f3 d6
3.d4 exd4
4.Bf1c4 Bf8e7
5.Nf3xd4 Ng8f6
6.Nb1c3 O-O
7.O-O c6
8.Bc1f4 Nb8d7
9.Nd4f5 Nd7e5
{ time. }
1-0

[Event "Tourn. n8238"]
[Site "www.chess-mail.com"]
[Date "2015.07.20"]
[Round "1"]
[White "Colchester"]
[Black "Samael"]
[WhiteElo "2040"]
[BlackElo "2160"]
[Result "0-1"]
[Round "1"]
1.d4 d5
2.c4 e6
3.Nb1c3 Ng8f6
4.cxd5 exd5
5.Bc1g5 Bf8e7
6.e3 O-O
7.Ng1f3 c6
8.Bf1e2 { time. }
0-1

[Event "Tourn. n8240"]
[Site "www.chess-mail.com"]
[Date "2015.07.20"]
[Round "1"]
[White "Bira47"]
[Black "A27l"]
[WhiteElo "1739"]
[BlackElo "1130"]
[Result "1-0"]
[Round "1"]
1.c4 e5
2.g3 d6
3.Bf1g2 Ng8f6
4.Nb1c3 Bf8e7
5.e3 c6
6.h3 O-O
7.Ng1e2 h6
8.O-O Bc8e6
9.d4 exd4
10.Qd1xd4 Qd8b6
11.Qd4xb6 axb6
12.b3 Nf6h7
13.Bc1b2 Be7f6
14.Ra1b1 Bf6xc3
15.Bb2xc3 f6
16.Ne2d4 Rf8e8
17.Nd4xe6 Re8xe6
18.Rb1d1 Nb8a6
19.b4 Na6c7
20.Rd1a1 Ra8d8
21.Rf1d1 Nh7g5
22.Rd1d4 c5
23.bxc5 bxc5
24.Rd4f4 Ng5f7
25.Bc3a5 Rd8c8
26.Bg2xb7 Rc8b8
27.Bb7g2 Nc7e8
28.Bg2d5 Re6e7
29.Ba5c3 Kf8
{ time. }
1-0

[Event "Tourn. n8275"]
[Site "www.chess-mail.com"]
[Date "2015.07.20"]
[Round "1"]
[White "Fangshuo1"]
[Black "Goodwill"]
[WhiteElo "1499"]
[BlackElo "1499"]
[Result "0-1"]
[Round "1"]
1.e4 c5
2.Ng1f3 g6
3.c3 Bf8g7
4.d4 cxd4
5.cxd4 d5
6.exd5 Ng8f6
7.Bf1c4 Nf6xd5
8.Nb1c3 Nd5xc3
9.bxc3 O-O
10.O-O Qd8c7
11.Qd1b3 Nb8c6
12.Nf3g5 e6
13.Bc1a3 Nc6a5
14.Ng5xe6 Bc8xe6
15.Qb3b5 Be6xc4
{ resign }
0-1

[Event "Tourn. n8275"]
[Site "www.chess-mail.com"]
[Date "2015.07.20"]
[Round "1"]
[White "Ruko"]
[Black "Fangshuo1"]
[WhiteElo "1680"]
[BlackElo "1499"]
[Result "1-0"]
[Round "1"]
1.e4 e6
2.d4 d5
3.Nb1c3 c5
4.Ng1f3 Nb8c6
5.Bf1b5 Bc8d7
6.O-O a6
7.Bb5xc6 Bd7xc6
8.Rf1e1 Ng8f6
9.exd5 Nf6xd5
10.Nc3xd5 Bc6xd5
11.b3 Qd8f6
12.Nf3e5 b5
13.c4 Bd5b7
14.Bc1e3 O-O-O
15.Qd1d2 Bf8e7
16.Ra1d1 cxd4
17.Be3xd4 Be7c5
18.Qd2e3 Bc5xd4
19.Rd1xd4 h5
20.Rd4f4 Qf6g5
21.Qe3c5 Kb8
22.Ne5c6 { resign }
1-0

[Event "Tourn. n8233"]
[Site "www.chess-mail.com"]
[Date "2015.07.20"]
[Round "1"]
[White "Masterchess"]
[Black "Generalfree"]
[WhiteElo "1840"]
[BlackElo "1770"]
[Result "0-1"]
[Round "1"]
1.e4 e5
2.Ng1f3 Ng8f6
3.Nf3xe5 Qd8e7
4.Ne5f3 Qe7xe4
5.Qd1e2 d5
6.d3 Qe4xe2
{ resign }
0-1

[Event "Tourn. n8217"]
[Site "www.chess-mail.com"]
[Date "2015.07.20"]
[Round "1"]
[White "Andreachess"]
[Black "Hdr"]
[WhiteElo "1930"]
[BlackElo "1889"]
[Result "1-0"]
[Round "1"]
1.e4 c5
2.Ng1f3 e6
3.d4 cxd4
4.Nf3xd4 Bf8c5
5.Nb1c3 Qd8b6
6.Bc1e3 Nb8c6
7.Nd4b5 Bc5xe3
8.fxe3 Qb6xe3
9.Qd1e2 Qe3xe2
10.Bf1xe2 Ke7
11.O-O-O a6
12.Nb5d6 b5
13.Rh1f1 Ng8h6
14.g4 { resign }
1-0

[Event "Tourn. n8254"]
[Site "www.chess-mail.com"]
[Date "2015.07.20"]
[Round "1"]
[White "Ruko"]
[Black "Ranjachess"]
[WhiteElo "1680"]
[BlackElo "1650"]
[Result "1-0"]
[Round "1"]
1.e4 e5
2.Ng1f3 Nb8c6
3.Bf1c4 Qd8e7
4.Nb1c3 a6
5.Nc3d5 Qe7d6
6.d3 b5
7.Bc4b3 Nc6d4
8.Nf3xd4 exd4
9.O-O Ng8f6
10.Bc1f4 Qd6c6
11.Nd5xc7 Kd8
12.Nc7xa8 Qc6xa8
13.Bb3xf7 d5
14.exd5 Nf6xd5
15.Bf7xd5 Bc8b7
16.Bd5xb7 Qa8xb7
17.Rf1e1 Bf8e7
18.Qd1e2 Rh8e8
19.Qe2g4 g6
20.Bf4g5 Qb7a7
21.Re1xe7 Re8xe7
22.Ra1e1 Qa7c5
23.Bg5xe7 Qc5xe7
24.Re1xe7 Kxe7
25.Qg4xd4 h5
26.Kf1 Ke6
27.Ke2 g5
28.Qd4c5 Kf6
29.Kf3 Kg6
30.Ke4 h4
31.h3 Kh5
32.Qc5e7 g4
33.Kf5 Kh6
34.Qe7f7 gxh3
35.Qf7g6 
1-0

[Event "Tourn. n8194"]
[Site "www.chess-mail.com"]
[Date "2015.07.20"]
[Round "1"]
[White "Anja"]
[Black "Tomcapp"]
[WhiteElo "1680"]
[BlackElo "1500"]
[Result "0-1"]
[Round "1"]
1.d4 d5
2.Ng1f3 Nb8c6
3.Bc1f4 Bc8g4
4.e3 Bg4xf3
5.Qd1xf3 f5
6.c4 dxc4
7.Bf1xc4 e6
8.Bc4xe6 Ng8e7
9.O-O g6
10.Nb1c3 Bf8g7
11.Nc3b5 Ra8c8
12.Be6xc8 Qd8xc8
13.Nb5xc7 Kf8
14.d5 Nc6b4
15.Nc7e6 Ke8
16.Ne6xg7 Kf7
17.Bf4e5 Nb4d3
18.Be5d4 b6
19.e4 Nd3xb2
20.Bd4xb2 g5
21.Ng7xf5 Ne7xf5
22.Bb2xh8 Qc8xh8
23.Qf3xf5 Ke8
24.Qf5c8 Kf7
25.Qc8xh8 Ke7
26.Ra1c1 h5
27.Qh8e5 Kd7
 { time }
0-1

[Event "Tourn. n8208"]
[Site "www.chess-mail.com"]
[Date "2015.07.20"]
[Round "1"]
[White "Bojan"]
[Black "Vite"]
[WhiteElo "1960"]
[BlackElo "1970"]
[Result "1/2-1/2"]
[Round "1"]
1.e4 c5
2.Nb1c3 d6
3.Ng1f3 Ng8f6
4.h3 Nb8c6
5.Bf1b5 Bc8d7
6.Bb5c4 g6
7.d4 cxd4
8.Nf3xd4 Nc6xd4
9.Qd1xd4 Bf8g7
10.Qd4d3 O-O
11.Nc3d5 a6
12.c3 b5
13.Nd5xf6 Bg7xf6
14.Bc4d5 Ra8c8
15.g4 Qd8b6
16.Bc1h6 Rf8d8
17.O-O Bf6h4
18.Kg2 e6
19.Bd5b3 Bd7c6
20.Bh6e3 Qb6b7
21.f3 Bh4f6
22.g5 Bf6g7
23.Rf1h1 d5
24.exd5 Bc6xd5
25.Bb3xd5 Rd8xd5
26.Qd3e2 Rc8d8
27.Ra1d1 Kf8
28.h4 Ke7
29.Kg3 Qb7c7
30.f4 Qc7d6
31.Rd1xd5 Qd6xd5
32.Rh1e1 Qd5f5
33.Qe2f3 Qf5d5
{ draw }
1/2-1/2

[Event "Tourn. n8089"]
[Site "www.chess-mail.com"]
[Date "2015.07.20"]
[Round "1"]
[White "Cobraxx7"]
[Black "Numanoid"]
[WhiteElo "2690"]
[BlackElo "2620"]
[Result "1-0"]
[Round "1"]
1.e4 g6
2.Nb1c3 d6
3.d3 Bf8g7
4.f4 Nb8c6
5.Ng1f3 Ng8h6
6.g3 Bc8d7
7.Bf1g2 Qd8c8
8.h3 f6
9.Bc1e3 Nh6f7
10.Qd1d2 Nc6d8
11.g4 b5
12.f5 c6
13.O-O-O b4
14.Nc3e2 e5
15.Ne2g3 c5
16.h4 Nd8c6
17.g5 Qc8a6
18.Kb1 Nc6d4
19.Nf3xd4 cxd4
20.Be3xd4 { resign }
1-0

[Event "Tourn. n8277"]
[Site "www.chess-mail.com"]
[Date "2015.07.20"]
[Round "1"]
[White "Fanny33"]
[Black "Cathar"]
[WhiteElo "2750"]
[BlackElo "2280"]
[Result "1-0"]
[Round "1"]
1.e4 e6
2.d3 d5
3.Nb1d2 c5
4.Ng1f3 Nb8c6
5.g3 Bf8d6
6.Bf1g2 Ng8e7
7.O-O O-O
8.Nf3h4 b6
9.f4 dxe4
10.Nd2xe4 Bd6c7
11.Qd1h5 Bc8b7
12.Rf1f2 Qd8d7
13.b3 { resign }
1-0

[Event "Tourn. n8212"]
[Site "www.chess-mail.com"]
[Date "2015.07.20"]
[Round "1"]
[White "Redabond"]
[Black "Farnation"]
[WhiteElo "1499"]
[BlackElo "1050"]
[Result "1-0"]
[Round "1"]
1.e4 e5
2.Ng1f3 Ng8f6
3.Nb1c3 Bf8c5
4.Nf3g5 O-O
5.h3 c6
6.Bf1c4 d5
7.exd5 cxd5
8.Bc4e2 Nf6e4
9.Ng5xe4 dxe4
10.Nc3xe4 Bc5b6
11.O-O Bc8f5
12.Ne4c3 e4
13.Be2g4 g6
14.Bg4xf5 gxf5
15.Qd1h5 f6
16.Qh5xf5 e3
17.dxe3 Nb8c6
18.b3 Nc6e7
19.Qf5g4 Ne7g6
20.h4 f5
21.Qg4c4 Kg7
22.Bc1b2 Qd8d6
23.Nc3e4 Qd6f6
24.Ne4xf6 Kh6
25.Bb2c1 Rf8xf6
26.e4 f4
27.Bc1b2 Rf6c6
28.Qc4d3 Ng6xh4
29.Bb2c1 Ra8d8
30.Bc1xf4 Kh5
31.Qd3b5 Rc6c5
32.Qb5e2 Kg6
33.Qe2g4 Kf6
34.Qg4xh4 { resign }
1-0

[Event "Tourn. n8212"]
[Site "www.chess-mail.com"]
[Date "2015.07.20"]
[Round "1"]
[White "Cl3537"]
[Black "Redabond"]
[WhiteElo "1340"]
[BlackElo "1499"]
[Result "0-1"]
[Round "1"]
1.e4 e5
2.Ng1f3 Nb8c6
3.Nb1c3 Ng8f6
4.d3 Bf8c5
5.Bc1e3 Bc5xe3
6.fxe3 O-O
7.Bf1e2 d6
8.O-O Bc8g4
9.a3 a6
10.b4 Nf6d7
11.h3 Bg4xf3
12.Be2xf3 Nd7f6
13.g4 h6
14.Qd1d2 a5
15.bxa5 Ra8xa5
16.d4 exd4
17.exd4 Rf8e8
18.Rf1e1 h5
19.gxh5 Ra5g5
20.Qd2xg5 Nc6xd4
21.Bf3d1 Re8e5
22.Ra1b1 { time. }
0-1